[Event "HUN-chT2 Asztalos 0506"]
[Site "Hungary"]
[Date "2006.04.23"]
[Round "11"]
[White "Nagy, Lajos"]
[Black "Izso, Laszlo"]
[Result "1/2-1/2"]
[WhiteElo "2009"]
[BlackElo "2041"]
[PlyCount "51"]
[EventDate "2005.10.16"]
[EventType "team-tourn"]
[EventRounds "11"]
[EventCountry "HUN"]
[SourceTitle "EXT 2009"]
[Source "ChessBase"]
[SourceDate "2008.11.26"]
[SourceVersion "1"]
[SourceVersionDate "2008.11.26"]
[SourceQuality "1"]
[WhiteTeam "OK Travel"]
[BlackTeam "MAV Elore"]
[WhiteTeamCountry "HUN"]
[BlackTeamCountry "HUN"]

1. d4 d6 2. e3 Nf6 3. Bd3 g6 4. Nd2 Bg7 5. h3 0-0 6. c3 c5 7. Ne4 Nxe4 8. Bxe4 cxd4 9. exd4 Nc6 10. Nf3 d5 11. Bc2 e5 12. dxe5 Nxe5 13. Nxe5 Bxe5 14. 0-0 Qd6 15. Be3 b6 16. Bb3 Bb7 17. Bh6 Rfd8 18. Qf3 b5 19. Rad1 Rd7 20. Qe2 a6 21. Rfe1 Re8 22. Kh1 Rde7 23. Qd2 Rd8 24. Bg5 Bf6 25. Bxf6 Qxf6 26. Rxe7 1/2-1/2

[Event "HUN-chT2 Asztalos 0506"]
[Site "Hungary"]
[Date "2006.04.09"]
[Round "10"]
[White "Heinrich, Ferenc"]
[Black "Izso, Laszlo"]
[Result "0-1"]
[WhiteElo "2021"]
[BlackElo "2041"]
[PlyCount "74"]
[EventDate "2005.10.16"]
[EventType "team-tourn"]
[EventRounds "11"]
[EventCountry "HUN"]
[SourceTitle "EXT 2009"]
[Source "ChessBase"]
[SourceDate "2008.11.26"]
[SourceVersion "1"]
[SourceVersionDate "2008.11.26"]
[SourceQuality "1"]
[WhiteTeam "Szenna Pack II"]
[BlackTeam "MAV Elore"]
[WhiteTeamCountry "HUN"]
[BlackTeamCountry "HUN"]

1. d4 d6 2. c4 Nf6 3. Nc3 g6 4. e4 Bg7 5. Be2 0-0 6. Nf3 e5 7. d5 a5 8. Be3 Na6 9. h3 Nd7 10. g4 Ndc5 11. g5 f5 12. gxf6 Bxf6 13. Qd2 Bd7 14. 0-0-0 a4 15. Rdg1 a3 16. b3 Nb4 17. Kb1 c6 18. h4 Be8 19. h5 cxd5 20. cxd5 Qb6 21. Bh6 Nxa2 22. Qxa2 Nxb3 23. Kc2 Nd4+ 24. Nxd4 exd4 25. Bxf8 Kxf8 26. Qb3 Qc5 27. Qc4 Qa5 28. Na2 Ba4+ 29. Kb1 Qd2 30. Qc1 Qxe2 31. Re1 Qb5+ 32. Ka1 d3+ 33. e5 dxe5 34. Qxa3+ Kg7 35. Rb1 Qxd5 36. Qb4 Bc6 37. Rb2 Qxh1+ 0-1

[Event "HUN-chT2 Asztalos 0506"]
[Site "Hungary"]
[Date "2006.02.26"]
[Round "8"]
[White "Izso, Laszlo"]
[Black "Talaber, Istvan"]
[Result "0-1"]
[WhiteElo "2041"]
[BlackElo "1923"]
[PlyCount "110"]
[EventDate "2005.10.16"]
[EventType "team-tourn"]
[EventRounds "11"]
[EventCountry "HUN"]
[SourceTitle "EXT 2009"]
[Source "ChessBase"]
[SourceDate "2008.11.26"]
[SourceVersion "1"]
[SourceVersionDate "2008.11.26"]
[SourceQuality "1"]
[WhiteTeam "MAV Elore"]
[BlackTeam "Pecs Karmin"]
[WhiteTeamCountry "HUN"]
[BlackTeamCountry "HUN"]

1. d4 Nf6 2. Nc3 d5 3. Bg5 Nbd7 4. Qd2 e6 5. f3 Be7 6. 0-0-0 c6 7. Nh3 b5 8. Bxf6 Bxf6 9. e4 Nb6 10. exd5 Nxd5 11. Ne4 b4 12. Bc4 a5 13. g4 Be7 14. f4 a4 15. Kb1 Qb6 16. Rhe1 a3 17. b3 0-0 18. g5 Nc3+ 19. Nxc3 bxc3 20. Qd3 Ba6 21. Bxa6 Rxa6 22. f5 c5 23. d5 c4 24. dxe6 fxe6 25. Qe4 cxb3 26. cxb3 Rxf5 27. Nf4 Qf2 28. Ne2 c2+ 29. Kxc2 Rc5+ 30. Kb1 Rxg5 31. Rf1 Qa7 32. Nf4 Qb6 33. Rde1 Rf5 34. Qc4 Qc6 35. Qe2 Qd6 36. Qe4 Qd2 37. Re2 Qd6 38. Ree1 Qd2 39. Re2 Qd6 40. Ree1 Bf6 41. Rd1 Qc6 42. Qd3 Rb6 43. Rc1 Rc5 44. Rxc5 Qxc5 45. Rc1 Qd4 46. Rc8+ Kf7 47. Rc7+ Ke8 48. Qxd4 Bxd4 49. Nd3 Kd8 50. Rf7 Rd6 51. Kc2 Rc6+ 52. Kd2 h5 53. Nf4 h4 54. h3 Bf6 55. Ra7 Bg5 0-1

[Event "HUN-chT2 Asztalos 0506"]
[Site "Hungary"]
[Date "2006.02.12"]
[Round "7"]
[White "Birkas, Gyorgy"]
[Black "Izso, Laszlo"]
[Result "1-0"]
[WhiteElo "2077"]
[BlackElo "2041"]
[PlyCount "61"]
[EventDate "2005.10.16"]
[EventType "team-tourn"]
[EventRounds "11"]
[EventCountry "HUN"]
[SourceTitle "EXT 2009"]
[Source "ChessBase"]
[SourceDate "2008.11.26"]
[SourceVersion "1"]
[SourceVersionDate "2008.11.26"]
[SourceQuality "1"]
[WhiteTeam "Koppany"]
[BlackTeam "MAV Elore"]
[WhiteTeamCountry "HUN"]
[BlackTeamCountry "HUN"]

1. e4 d6 2. d4 Nf6 3. Nc3 c6 4. Bg5 Nbd7 5. Bd3 e5 6. Nge2 Be7 7. 0-0 0-0 8. f4 Ng4 9. Bxe7 Qxe7 10. Qd2 Qh4 11. h3 Nh6 12. Rf3 f5 13. exf5 Nxf5 14. fxe5 Nxd4 15. Nxd4 Qxd4+ 16. Re3 dxe5 17. Qe2 Nf6 18. Rd1 Qc5 19. Kh1 Qb4 20. Bc4+ Kh8 21. Bb3 Qh4 22. Rf1 Bd7 23. Qf2 Qh5 24. Ne4 Rae8 25. Nd6 Rb8 26. c3 h6 27. Kg1 Kh7 28. Bc2+ g6 29. Rf3 Bf5 30. Nxf5 e4 31. Ng3 1-0

[Event "HUN-chT2 Asztalos 0506"]
[Site "Hungary"]
[Date "2005.12.04"]
[Round "5"]
[White "Percze, Gabor"]
[Black "Izso, Laszlo"]
[Result "1/2-1/2"]
[WhiteElo "2105"]
[BlackElo "2041"]
[PlyCount "21"]
[EventDate "2005.10.16"]
[EventType "team-tourn"]
[EventRounds "11"]
[EventCountry "HUN"]
[SourceTitle "EXT 2009"]
[Source "ChessBase"]
[SourceDate "2008.11.26"]
[SourceVersion "1"]
[SourceVersionDate "2008.11.26"]
[SourceQuality "1"]
[WhiteTeam "Nagyatad"]
[BlackTeam "MAV Elore"]
[WhiteTeamCountry "HUN"]
[BlackTeamCountry "HUN"]

1. e4 d6 2. d4 Nf6 3. Nc3 c6 4. Be3 Nbd7 5. f3 e5 6. Qd2 a5 7. a4 Be7 8. Bc4 0-0 9. Nge2 Nb6 10. Bd3 Qc7 11. 0-0 1/2-1/2

[Event "HUN-chT2 Asztalos 0506"]
[Site "Hungary"]
[Date "2005.11.13"]
[Round "3"]
[White "Szabo, Lorinc"]
[Black "Izso, Laszlo"]
[Result "1/2-1/2"]
[WhiteElo "1967"]
[BlackElo "2041"]
[PlyCount "161"]
[EventDate "2005.10.16"]
[EventType "team-tourn"]
[EventRounds "11"]
[EventCountry "HUN"]
[SourceTitle "EXT 2009"]
[Source "ChessBase"]
[SourceDate "2008.11.26"]
[SourceVersion "1"]
[SourceVersionDate "2008.11.26"]
[SourceQuality "1"]
[WhiteTeam "Fehervar"]
[BlackTeam "MAV Elore"]
[WhiteTeamCountry "HUN"]
[BlackTeamCountry "HUN"]

1. d4 d6 2. c4 Nf6 3. Nc3 g6 4. e4 Bg7 5. Nf3 0-0 6. Be2 e5 7. 0-0 Nc6 8. d5 Ne7 9. Ne1 Nd7 10. Nd3 f5 11. f4 exf4 12. Nxf4 Ne5 13. Be3 c5 14. dxc6 bxc6 15. c5 fxe4 16. cxd6 Nf5 17. Bc5 Re8 18. Nxe4 Nf7 19. Nc3 N7xd6 20. Bxd6 Qxd6 21. Qxd6 Nxd6 22. Rfd1 Nf5 23. Bf3 Nd4 24. Kf2 Nxf3 25. Kxf3 Rb8 26. Rd2 c5 27. g3 Bd4 28. Kg2 Bd7 29. Nfe2 Bc6+ 30. Kf1 Rf8+ 31. Ke1 Rbe8 32. Rb1 Rf3 33. Kd1 Be5 34. Kc2 g5 35. Rbd1 Bc7 36. Ng1 Rfe3 37. Re2 g4 38. Rdd2 c4 39. Rxe3 Rxe3 40. Re2 Rd3 41. Rd2 Bb6 42. Nge2 Re3 43. Nf4 Re1 44. Rd1 Rxd1 45. Nxd1 Bg1 46. Ne2 Bxh2 47. Ne3 Bf3 48. Kd2 h5 49. Nf1 Bxe2 50. Kxe2 Bg1 51. Nd2 c3 52. bxc3 Kf7 53. Ne4 Ke6 54. Nd2 Kf5 55. a3 Bc5 56. a4 Bd6 57. Kf2 Bc7 58. Nb3 Ke4 59. Nc1 Bb6+ 60. Ke2 Bc7 61. Kf2 a6 62. Na2 a5 63. Nc1 Bd6 64. Nb3 Bc7 65. Nc1 Kd5 66. Ne2 Kc4 67. Nf4 Kxc3 68. Nd5+ Kc4 69. Nxc7 Kb4 70. Nd5+ Kxa4 71. Ke2 Kb5 72. Kd3 a4 73. Nf6 Kb4 74. Kc2 h4 75. gxh4 g3 76. Nd5+ Kc4 77. Nf4 Kd4 78. h5 Ke5 79. h6 Kf6 80. Nh5+ Kg6 81. Nxg3 1/2-1/2

[Event "HUN-chT2 Asztalos 0506"]
[Site "Hungary"]
[Date "2005.10.16"]
[Round "1"]
[White "Nagy, Imre"]
[Black "Izso, Laszlo"]
[Result "1-0"]
[WhiteElo "2161"]
[BlackElo "2041"]
[PlyCount "85"]
[EventDate "2005.10.16"]
[EventType "team-tourn"]
[EventRounds "11"]
[EventCountry "HUN"]
[SourceTitle "EXT 2009"]
[Source "ChessBase"]
[SourceDate "2008.11.26"]
[SourceVersion "1"]
[SourceVersionDate "2008.11.26"]
[SourceQuality "1"]
[WhiteTeam "Komlo Banyasz"]
[BlackTeam "MAV Elore"]
[WhiteTeamCountry "HUN"]
[BlackTeamCountry "HUN"]

1. e4 d6 2. d4 Nf6 3. Nc3 c6 4. Bg5 Nbd7 5. Nf3 Qa5 6. Bd3 e5 7. Bd2 Qc7 8. d5 Be7 9. 0-0 0-0 10. b4 a6 11. Qe2 Re8 12. dxc6 bxc6 13. a4 d5 14. Rfb1 Bf8 15. a5 Bb7 16. Ne1 d4 17. Na4 c5 18. bxc5 Nxc5 19. Nb6 Ra7 20. f3 Ne6 21. Rb2 g6 22. g3 Nc5 23. Bc4 h5 24. Rab1 Qc6 25. Nd5 Nxd5 26. Bxd5 Qd7 27. Bxb7 Nxb7 28. Kg2 Nd6 29. Rb6 Nb5 30. Bb4 Rc8 31. Rb3 Qc7 32. Bxf8 Kxf8 33. Qd2 Kg8 34. Qg5 Kh7 35. g4 Qc4 36. Rd3 Qa2 37. gxh5 Rxc2+ 38. Nxc2 Qxc2+ 39. Rd2 Qc7 40. hxg6+ Kh8 41. Qf6+ Kg8 42. gxf7+ Qxf7 43. Rb8+ 1-0

[Event "HUN-chT2 Asztalos 0405"]
[Site "Hungary"]
[Date "2005.04.24"]
[Round "11"]
[White "Izso, Laszlo"]
[Black "Tesinszky, Gyorgy"]
[Result "0-1"]
[WhiteElo "2018"]
[BlackElo "2158"]
[PlyCount "74"]
[EventDate "2004.09.26"]
[EventType "team-tourn"]
[EventRounds "11"]
[EventCountry "HUN"]
[SourceTitle "EXT 2009"]
[Source "ChessBase"]
[SourceDate "2008.11.26"]
[SourceVersion "1"]
[SourceVersionDate "2008.11.26"]
[SourceQuality "1"]
[WhiteTeam "MAV Elore"]
[BlackTeam "Komlo Banyasz"]
[WhiteTeamCountry "HUN"]
[BlackTeamCountry "HUN"]

1. d4 Nf6 2. Bg5 b6 3. Bxf6 exf6 4. e3 Bb7 5. Ne2 g6 6. Nbc3 f5 7. h4 h5 8. Nf4 Be7 9. Be2 Bxh4 10. Bf3 c6 11. d5 Bf6 12. d6 Bxc3+ 13. bxc3 Qf6 14. Qd2 Na6 15. a4 Nc5 16. a5 Ba6 17. Ra3 Nb7 18. axb6 axb6 19. Be2 b5 20. 0-0 0-0 21. Rfa1 Nc5 22. Qd4 Qxd4 23. cxd4 Na4 24. Nd3 Bb7 25. Ne5 Nb6 26. Ra7 Rfb8 27. c4 f6 28. Nxg6 Nxc4 29. Ne7+ Kf7 30. Bxc4+ bxc4 31. Nxf5 Ke6 32. e4 c5 33. d5+ Ke5 34. f3 c3 35. Kf2 Bxd5 36. exd5 c2 37. Rxa8 Rb1 0-1

[Event "HUN-chT2 Asztalos 0405"]
[Site "Hungary"]
[Date "2005.04.10"]
[Round "10"]
[White "Ragats, Jozsef"]
[Black "Izso, Laszlo"]
[Result "1/2-1/2"]
[WhiteElo "2147"]
[BlackElo "2018"]
[PlyCount "31"]
[EventDate "2004.09.26"]
[EventType "team-tourn"]
[EventRounds "11"]
[EventCountry "HUN"]
[SourceTitle "EXT 2009"]
[Source "ChessBase"]
[SourceDate "2008.11.26"]
[SourceVersion "1"]
[SourceVersionDate "2008.11.26"]
[SourceQuality "1"]
[WhiteTeam "Aquaprofit"]
[BlackTeam "MAV Elore"]
[WhiteTeamCountry "HUN"]
[BlackTeamCountry "HUN"]

1. d4 d6 2. c4 Nf6 3. Nc3 g6 4. e4 Bg7 5. f3 0-0 6. Be3 e5 7. d5 a5 8. Qd2 Na6 9. Nge2 c6 10. Ng3 Qc7 11. h4 h5 12. Be2 cxd5 13. exd5 Nc5 14. 0-0-0 Bd7 15. Kb1 a4 16. Nce4 1/2-1/2

[Event "HUN-chT2 Asztalos 0405"]
[Site "Hungary"]
[Date "2005.03.06"]
[Round "9"]
[White "Pais, Nimrod"]
[Black "Izso, Laszlo"]
[Result "1/2-1/2"]
[WhiteElo "2168"]
[BlackElo "2018"]
[PlyCount "83"]
[EventDate "2004.09.26"]
[EventType "team-tourn"]
[EventRounds "11"]
[EventCountry "HUN"]
[SourceTitle "EXT 2009"]
[Source "ChessBase"]
[SourceDate "2008.11.26"]
[SourceVersion "1"]
[SourceVersionDate "2008.11.26"]
[SourceQuality "1"]
[WhiteTeam "Fehervar"]
[BlackTeam "MAV Elore"]
[WhiteTeamCountry "HUN"]
[BlackTeamCountry "HUN"]

1. d4 Nf6 2. Nf3 g6 3. Bg5 Bg7 4. Nbd2 0-0 5. e4 d6 6. h3 Nbd7 7. c3 c5 8. Bd3 a6 9. 0-0 b5 10. Qe2 c4 11. Bc2 e5 12. Rfd1 Qc7 13. Nf1 Bb7 14. Qe3 Rfe8 15. d5 Qc5 16. Qd2 Rf8 17. g4 Qc8 18. Ng3 Nc5 19. Nh2 h5 20. f3 Nh7 21. Be7 Qd7 22. Bxf8 Rxf8 23. Kg2 Bc8 24. b4 Nb7 25. a4 Bf6 26. axb5 axb5 27. Ra8 Bg5 28. Qf2 Kg7 29. Rh1 h4 30. Ne2 Bd8 31. Nf1 Ng5 32. Ne3 Bb6 33. Ra6 Bd8 34. Rc6 Be7 35. f4 exf4 36. Qxf4 Nd8 37. Rxc8 Qxc8 38. Nd4 Qd7 39. Rf1 Nh7 40. Nf3 Bf6 41. Nd1 Qe7 42. Re1 1/2-1/2

[Event "HUN-chT2 Asztalos 0405"]
[Site "Hungary"]
[Date "2005.02.06"]
[Round "7"]
[White "Molnar, Tamas1"]
[Black "Izso, Laszlo"]
[Result "1-0"]
[WhiteElo "2112"]
[BlackElo "2018"]
[PlyCount "57"]
[EventDate "2004.09.26"]
[EventType "team-tourn"]
[EventRounds "11"]
[EventCountry "HUN"]
[SourceTitle "EXT 2009"]
[Source "ChessBase"]
[SourceDate "2008.11.26"]
[SourceVersion "1"]
[SourceVersionDate "2008.11.26"]
[SourceQuality "1"]
[WhiteTeam "Koppany"]
[BlackTeam "MAV Elore"]
[WhiteTeamCountry "HUN"]
[BlackTeamCountry "HUN"]

1. d4 Nf6 2. c4 e6 3. Nf3 c5 4. e3 cxd4 5. exd4 d6 6. Be2 Be7 7. 0-0 0-0 8. Nc3 a6 9. Bf4 Nbd7 10. Qc2 b6 11. b4 Bb7 12. a4 Qc7 13. a5 bxa5 14. Rxa5 Rfc8 15. c5 e5 16. dxe5 dxe5 17. Be3 Ng4 18. Rfa1 Nxe3 19. fxe3 Qc6 20. Qa2 Qh6 21. Nd1 Bg5 22. Nxg5 Qxg5 23. Bxa6 Rxa6 24. Rxa6 Qh4 25. Nf2 Qg5 26. e4 h5 27. Rd6 Nf6 28. c6 Bxc6 29. Rxc6 1-0

[Event "HUN-chT2 Asztalos 0405"]
[Site "Hungary"]
[Date "2004.10.10"]
[Round "2"]
[White "Ronga, Attila"]
[Black "Izso, Laszlo"]
[Result "1-0"]
[WhiteElo "2069"]
[BlackElo "2018"]
[PlyCount "67"]
[EventDate "2004.09.26"]
[EventType "team-tourn"]
[EventRounds "11"]
[EventCountry "HUN"]
[SourceTitle "EXT 2009"]
[Source "ChessBase"]
[SourceDate "2008.11.26"]
[SourceVersion "1"]
[SourceVersionDate "2008.11.26"]
[SourceQuality "1"]
[WhiteTeam "Szenna Pack II"]
[BlackTeam "MAV Elore"]
[WhiteTeamCountry "HUN"]
[BlackTeamCountry "HUN"]

1. e4 c5 2. c3 Nf6 3. e5 Nd5 4. Nf3 Nc6 5. d4 e6 6. Bc4 Nb6 7. Bd3 cxd4 8. cxd4 d5 9. 0-0 Nb4 10. Be2 Be7 11. a3 Nc6 12. Nc3 0-0 13. Bd3 f5 14. Ne2 Bd7 15. g3 Be8 16. Nf4 Qd7 17. h4 h6 18. h5 Bf7 19. Kg2 Rac8 20. Rh1 a6 21. Bb1 Nc4 22. Nh4 Bxh4 23. Rxh4 Qe8 24. b3 Nb6 25. a4 a5 26. Nd3 Qe7 27. Be3 Nd7 28. Qd2 Qe8 29. Bxh6 Bxh5 30. Qg5 Bg6 31. Nf4 Ne7 32. Nxe6 Rc6 33. Nxg7 Rf7 34. Nxe8 1-0